000 01012cam a22001934a 4500
005 20250605163410.0
008 250528s ||||||||||||||||||||||||d
035 _a18343
020 _a1022
040 _aGR-AtMCL
_bgre
_dGR-AtMCL
_eAACR2
245 1 _aΑγγλική Εμπορική Αλληλογραφία
260 _bΣταμούλης Α,
_c1992
300 _a240
520 _aΕισαγωγή, The Evolution of Business Letter Writing, Notes on Writing Business Letters, The Layout of a Business Letter, Σύνταξη και Γραμματική, Συντομογραφίες της Αγγλικής Γλώσσας, The Enquiry, Replies to Enquiries - Offers, Orders, Complaints, Settlement of Accounts, Letters for Credit Information, Agency, Miscellaneous, Γενικές Ασκήσεις, Αγγλοελληνικό και Ελληνοαγγλικό Λεξιλόγιο, Βιβλιογραφία.
700 1 _aΑποστόλου Ελένη
942 _cBK
999 _c3706
_d3706